00510nam a22001577a 4500020001500000040000900015082001700024100003100041245002400072250001700096260004900113650002900162942001200191999001900203952013000222 a0871508575 cNust a519.4bBUR'N aRichard L. Burdan9127301 aNumerical analysis a3rd Edition  aBoston:bPrindle , weber and schimdt,c1985. aNumerical analysis9103 2ddccBK c612465d612465 00102ddc4070aCEMEbCEMEcGENd2025-01-01l1o519.4 BUR'NpCEME- 31687q2026-02-20r2026-01-21s2026-01-21w2025-01-01yBK